| 000 | 00860nam a2200241Ia 4500 | ||
|---|---|---|---|
| 003 | OSt | ||
| 005 | 20241209150241.0 | ||
| 008 | 210716s2012 xx 000 0 und d | ||
| 020 | _a9788184871319 | ||
| 040 | _cAIMIT LIBRARY | ||
| 041 | _aeng | ||
| 082 |
_a001.072 _21 _bTHAH |
||
| 245 |
_aMicrobial biotechnology : _bmethods and applications / _cEdited by H N Thatoi and B B Mishra. |
||
| 250 | _a1st ed. | ||
| 260 |
_aNew Delhi : _bNarosa Publishing House , _c2012. |
||
| 300 |
_aviii,327p. ; _bHB _c25.6 cm |
||
| 650 |
_aUtilization of algal biomass as biofuels _9188074 |
||
| 650 |
_aBacillus thuringiensis: biodiversity to biotechnology _9188075 |
||
| 650 |
_aMushroom glucan as biological response modifier in therapy _9188076 |
||
| 700 |
_a.Thatoi, H N., ed. _9188077 |
||
| 700 |
_aMishra, B B, ed. _9189002 |
||
| 942 |
_2ddc _cBK _e1st _k001.072 THAH |
||
| 999 |
_c192189 _d192189 |
||